000 00883cad a2200193 4500
001 ##L133249
008 110723n2011 000 0 eng u
035 _a(Sirsi) u133249
041 0 _aeng
050 0 4 _a333.33 $2 18
110 1 _aUnited Kingdom
_bDepartment for Communities and Local Government
_94939
245 0 0 _aDCLG live tables relating to house prices and mortgage lending
260 _aLondon
_bDCLG
_c2011
520 _aGives access to DCLG live tables 502-593 in Excel format on house prices and related topics.
650 2 4 _aDCLG HOUSING MARKET AND HOUSE PRICE TABLES
690 _aPROPERTY-RESIDENTIAL PROPERTY-RESIDENTIAL PROPERTY MARKET
856 4 0 _uhttps://www.communities.gov.uk/housing/housingresearch/housingstatistics/housingstatisticsby/housingmarket/livetables/
_zView the DCLG statistical tables free of charge at www.communities.gov.uk
942 _n0
999 _c105366
_d105366